000 01540cam a22004814i 4500
003 PE-LiUPU
005 20250731173049.0
008 180105s2017 xxu0 r0 000 0 eng d
020 _a9781426757785
035 _a(Sirsi) a240863
040 _aPE-LiUPU
_bspa
_cPE-LiUPU
_erda
049 _aPRUA
082 0 4 _a251
_bT82
_223
100 1 _aTroeger, Thomas H.,
_eautor.
245 1 2 _aA sermon workbook :
_bexercises in the art and craft of preaching /
_cThomas H. Troeger & Leonora Tubbs Tisdale.
264 1 _aNashville :
_bAbingdon Press;
_c2013
300 _aXI, 174 páginas ;
_c26 centímetros.
336 _atext
_2rdacontent
337 _aunmediated
_2rdamedia
338 _avolume
_2rdacarrier
504 _aBibliografía : páginas 169-172.
504 _aÍndice : páginas 173-174.
505 0 _aThinking like a preacher -- Writing like a preacher.
526 _aSEG42
526 _aSEG41
526 _aSEG40
526 _aSEG39
526 _aP94
526 _aP87
526 _aP86
526 _aP85
526 _aP77
526 _aP76
526 _aP35
650 0 4 _aPreaching.
650 0 4 _aPredicación
700 1 _aTisdale, Leonora Tubbs,
_eautor.
910 _adbm
_bksl
_cksl
_d20180105
596 _a1
942 _2ddc
_cBOOK
999 _a251 T82
_wLC
_c26558
_i77922
_f2021-11-10
_g4
_lCCODEBUL1
_mBUL
_p15.00
_r0
_sY
_tBOOK
_u2018-1-5
_xTEOLOGIA
_PP85
_0DONACION
_o.STAFF. Colección Teología
_d26558
980 _81
_gALBERTO SANCHEZ Responsable de Automatización